|
|
|
|
| LEADER |
02042cas a2200289 a 4500 |
| 001 |
AALejournalIMF022939 |
| 008 |
230101c9999 xx r poo 0 0eng d |
| 020 |
|
|
|c 20.00 USD
|
| 020 |
|
|
|z 9798400210181
|
| 022 |
|
|
|a 1934-7685
|
| 040 |
|
|
|a BD-DhAAL
|c BD-DhAAL
|
| 110 |
2 |
|
|a International Monetary Fund.
|b Monetary and Capital Markets Department.
|
| 245 |
1 |
0 |
|a Philippines :
|b Financial Sector Assessment Program-Technical Note on Risk Assessment of Banks, Non-Financial Corporates, and Macro-Financial Linkages.
|
| 264 |
|
1 |
|a Washington, D.C. :
|b International Monetary Fund,
|c 2022.
|
| 300 |
|
|
|a 1 online resource (92 pages)
|
| 490 |
1 |
|
|a IMF Staff Country Reports
|
| 500 |
|
|
|a <strong>Off-Campus Access:</strong> No User ID or Password Required
|
| 500 |
|
|
|a <strong>On-Campus Access:</strong> No User ID or Password Required
|
| 506 |
|
|
|a Electronic access restricted to authorized BRAC University faculty, staff and students
|
| 520 |
3 |
|
|a The Philippines is a dynamic economy with a relatively smaller financial system than other Asian emerging market economies, dominated by banks. The total assets of the system amount to 126 percent of GDP. However, bank credit is just over 50 percent of GDP and mostly goes to nonfinancial corporates (NFCs). Banks are also tightly interlinked with NFCs through conglomerate ownerships. Access to finance for individuals is significantly lower than comparator systems, with only a third of adults having formal accounts. Non-bank financial institutions and capital markets-especially bond markets-are substantially less developed than banks. The Fintech ecosystem is nascent.
|
| 538 |
|
|
|a Mode of access: Internet
|
| 650 |
|
7 |
|a International Agreements and Observance
|2 imf
|
| 650 |
|
7 |
|a International Organizations
|2 imf
|
| 650 |
|
7 |
|a Monetary Policy
|2 imf
|
| 651 |
|
7 |
|a Philippines
|2 imf
|
| 830 |
|
0 |
|a IMF Staff Country Reports; Country Report ;
|v No. 2022/155
|
| 856 |
4 |
0 |
|z Full text available on IMF
|u https://elibrary.imf.org/openurl?genre=journal&issn=1934-7685&volume=2022&issue=155
|z IMF e-Library
|